Ethnic nationalism : the tragic death of Yugoslavia

Αποθηκεύτηκε σε:
Λεπτομέρειες βιβλιογραφικής εγγραφής
Κύριος συγγραφέας: Denitch, Bogdan Denis
Μορφή: Βιβλίο
Γλώσσα:English
Δημοσίευση: Minneapolis : University of Minnesota Press, c1996
Έκδοση:Rev. ed.
Θέματα:
Ετικέτες: Προσθήκη ετικέτας
Δεν υπάρχουν, Καταχωρήστε ετικέτα πρώτοι!

MARC

LEADER 00000nam a2200000 i 4500
001 1/88418
008 990824s1996 eng d
020 |a 0-8166-2947-1 
035 |l 10052532 
040 |a GR-MY-UA  |b gre  |e aacr 
041 0 |a eng 
082 0 |a 949.7024 
100 1 |a Denitch, Bogdan Denis. 
245 1 0 |a Ethnic nationalism :  |b the tragic death of Yugoslavia /  |c Bogdan Denitch 
250 |a Rev. ed. 
260 |a Minneapolis :   |b University of Minnesota Press,   |c c1996 
300 |a ix, 259 σ.;  |c 23 εκ. 
504 |a Περιέχει βιβλιογραφικές παραπομπές (σ. 245-248) και ευρετήριο 
650 0 0 |a Nationalism  |z Yugoslavia. 
651 0 |a Yugoslavia  |x History  |y 1980-1992. 
651 0 |a Yugoslavia  |x Ethnic relations. 
852 |a INST  |b LESVOS  |e 19990824  |h 949.7024 DEN  |p 005100019703  |q 005100019703  |t BK  |y 0 
901 |a BIBL1-1999-2 
909 |a Λ  |b 063546 
922 |a 1ΕΛΗ  |b 199901  |c ΚΠΣ/ΤΓ  |d LEADER 
950 |a 118-1998-10-19 
970 |a ΜΟΥΣΤΑΚΑ  |b ΠΗΝΕΛΟΠΗ  |z 1999/08/28